000 00780cab a2200193 4500
001 ##L131242
008 050727n2005 000 0 eng u
035 _a(Sirsi) u131242
041 0 _aeng
100 1 _aJansen, Mark
245 0 0 _aClosing the floodgates
260 _c2005
490 0 _aProperty Week
_v70(40) 7 October 2005, 74-76(3)
520 _aExamines the proposed consultation on PPG25: "Development and flood risk" and the whole background to flooding issues in the UK. Looks at defence mechanisms already in place, the implementation of PPG25 to new developments, and possible changes that could be made to the law.
590 _aIKA251005
650 2 4 _aPPG25
690 _aENVIRONMENTAL AND LAND CONSULTANCY-WATER RESOURCE MANAGEMENT-FLOODING
942 _n0
999 _c104696
_d104696